| 000 -LEADER |
| fixed length control field |
01730cam a2200457 i 4500 |
| 001 - CONTROL NUMBER |
| control field |
20045957 |
| 003 - CONTROL NUMBER IDENTIFIER |
| control field |
NUST |
| 005 - DATE AND TIME OF LATEST TRANSACTION |
| control field |
20190704043726.0 |
| 008 - FIXED-LENGTH DATA ELEMENTS--GENERAL INFORMATION |
| fixed length control field |
171004s2017 pk b 000 0 eng |
| 010 ## - LIBRARY OF CONGRESS CONTROL NUMBER |
| LC control number |
2017334131 |
| 020 ## - INTERNATIONAL STANDARD BOOK NUMBER |
| International Standard Book Number |
9789699988516 |
| 020 ## - INTERNATIONAL STANDARD BOOK NUMBER |
| Canceled/invalid ISBN |
9699988516 |
| 025 ## - OVERSEAS ACQUISITION NUMBER |
| Overseas acquisition number |
P-E-2017334131; 33 |
| 037 ## - SOURCE OF ACQUISITION |
| Source of stock number/acquisition |
Library of Congress -- Islamabad Overseas Office |
| 038 ## - RECORD CONTENT LICENSOR |
| Staff Name |
Muhammad Ibrahim |
| 040 ## - CATALOGING SOURCE |
| Original cataloging agency |
DLC |
| Language of cataloging |
eng |
| Transcribing agency |
DLC |
| Description conventions |
rda |
| 042 ## - AUTHENTICATION CODE |
| Authentication code |
lcode |
| -- |
pcc |
| 043 ## - GEOGRAPHIC AREA CODE |
| Geographic area code |
a-pk--- |
| 050 00 - LIBRARY OF CONGRESS CALL NUMBER |
| Classification number |
GN635.P27 |
| Item number |
H37 2017 |
| 082 ## - DEWEY DECIMAL CLASSIFICATION NUMBER |
| Classification number |
320.5491 |
| Author Mark |
REH 2017 |
| 100 1# - MAIN ENTRY--PERSONAL NAME |
| Personal name |
Hashmi, Rehana Saeed, |
| Relator term |
author. |
| 9 (RLIN) |
16616 |
| 245 10 - TITLE STATEMENT |
| Title |
Politics of ethnicity in Pakistan : |
| Remainder of title |
issues of national integration / |
| Statement of responsibility, etc. |
Rehana Saeed Hashmi. |
| 264 #1 - PRODUCTION, PUBLICATION, DISTRIBUTION, MANUFACTURE, AND COPYRIGHT NOTICE |
| Place of production, publication, distribution, manufacture |
Lahore : |
| Name of producer, publisher, distributor, manufacturer |
Peace Publications, |
| Date of production, publication, distribution, manufacture, or copyright notice |
2017. |
| 300 ## - PHYSICAL DESCRIPTION |
| Extent |
316 pages ; |
| Dimensions |
25 cm |
| 336 ## - CONTENT TYPE |
| Content type term |
text |
| Content type code |
txt |
| Source |
rdacontent |
| 337 ## - MEDIA TYPE |
| Media type term |
unmediated |
| Media type code |
n |
| Source |
rdamedia |
| 338 ## - CARRIER TYPE |
| Carrier type term |
volume |
| Carrier type code |
nc |
| Source |
rdacarrier |
| 504 ## - BIBLIOGRAPHY, ETC. NOTE |
| Bibliography, etc. note |
Includes bibliographical references. |
| 650 #0 - SUBJECT ADDED ENTRY--TOPICAL TERM |
| Topical term or geographic name entry element |
Ethnicity |
| Geographic subdivision |
Pakistan. |
| 9 (RLIN) |
4257 |
| 650 #0 - SUBJECT ADDED ENTRY--TOPICAL TERM |
| Topical term or geographic name entry element |
Ethnicity |
| General subdivision |
Political aspects |
| Geographic subdivision |
Pakistan. |
| 9 (RLIN) |
16617 |
| 650 #0 - SUBJECT ADDED ENTRY--TOPICAL TERM |
| Topical term or geographic name entry element |
Ethnic groups |
| General subdivision |
Political activity |
| Geographic subdivision |
Pakistan. |
| 9 (RLIN) |
16618 |
| 650 #0 - SUBJECT ADDED ENTRY--TOPICAL TERM |
| Topical term or geographic name entry element |
Group identity |
| Geographic subdivision |
Pakistan. |
| 9 (RLIN) |
16619 |
| 650 #0 - SUBJECT ADDED ENTRY--TOPICAL TERM |
| Topical term or geographic name entry element |
Baluchi (Southwest Asian people) |
| Geographic subdivision |
Pakistan |
| -- |
Balochistān |
| General subdivision |
Ethnic identity. |
| 9 (RLIN) |
16620 |
| 650 #0 - SUBJECT ADDED ENTRY--TOPICAL TERM |
| Topical term or geographic name entry element |
Muhajir (Pakistani people) |
| Geographic subdivision |
Pakistan |
| -- |
Sindh |
| General subdivision |
Ethnic identity. |
| 9 (RLIN) |
16621 |
| 650 #0 - SUBJECT ADDED ENTRY--TOPICAL TERM |
| Topical term or geographic name entry element |
Siraiki (South Asian people) |
| Geographic subdivision |
Pakistan |
| General subdivision |
Ethnic identity. |
| 9 (RLIN) |
16622 |
| 651 #0 - SUBJECT ADDED ENTRY--GEOGRAPHIC NAME |
| Geographic name |
Pakistan |
| General subdivision |
Ethnic relations |
| -- |
Political aspects. |
| 9 (RLIN) |
16623 |
| 651 #0 - SUBJECT ADDED ENTRY--GEOGRAPHIC NAME |
| Geographic name |
Pakistan |
| General subdivision |
Politics and government |
| Chronological subdivision |
1988- |
| 9 (RLIN) |
384 |
| 906 ## - LOCAL DATA ELEMENT F, LDF (RLIN) |
| a |
7 |
| b |
cbc |
| c |
origode |
| d |
3 |
| e |
ncip |
| f |
20 |
| g |
y-gencatlg |
| 942 ## - ADDED ENTRY ELEMENTS (KOHA) |
| Source of classification or shelving scheme |
|
| Koha item type |
Book |